000 00725nam a2200289Ia 4500
005 20260324125220.0
008 008 260324s9999 xx 000 0 eng d
020 _a9780203890097
037 _aEBOOK
040 _aCRL
040 _beng
040 _cCRL
041 _2eng
041 _aeng
084 _qCRL
100 _aRay-May Hsung; Nan Lin; Ronald L. Breiger
_91177136
245 0 _aContexts of Social Capital
245 0 _bSocial Networks in Markets, Communities and Families
260 _bTaylor and Francis
260 _c2009
365 _a
365 _b240
856 _uhttp://www.taylorfrancis.com/books/9780203890097
942 _cEBOOK
999 _c1772188
_d1772188